00346nam a2200133Ia 4500008004100000020001500041041001200056100001700068245006200085260003200147300000800179650001000187700001500197221030s9999 xx 000 0 und d a8170087910 aEnglish aB. C. Punmia 0aSoil Mechanics & Foundationscby B. C. Punmia, A. K. Jain bLaxmi Pub.aNew Delhic2017 a916 aCivil aA. K. Jain